| 000 | 00821nam a22002771i 4500 | ||
|---|---|---|---|
| 001 | 33232 | ||
| 003 | BD-RjUL | ||
| 005 | 20211209051953.0 | ||
| 008 | 140430r19671957nyn b 001 0 eng | ||
| 035 | _a(BD-RjUL)33323 | ||
| 035 | _a(OCoLC)4536864 | ||
| 040 |
_aDLC _cKMK _dBD-RjUL _beng |
||
| 041 | _aeng | ||
| 082 |
_a301.01 _bMES 1967 |
||
| 100 | 1 |
_aMerton, Robert King _d1910-2003 _97046 |
|
| 245 | 1 | 0 |
_aSocial theory and social structure / _cRobert K. Merton. |
| 250 | _aRev. and enl. ed. | ||
| 260 |
_aNew York : _bFree Press, _cc1957 [printing 1967, 1964]. |
||
| 300 |
_axviii, 645 p. ; _c24 cm. |
||
| 504 | _aIncludes bibliographical references and indexes. | ||
| 650 | 0 |
_aSociology. _9100916 |
|
| 650 | 0 |
_aSocial structure _9113947 |
|
| 942 |
_2ddc _cBK |
||
| 999 |
_c33232 _d33232 |
||